[Event "Linares 22nd"]
[Site "Linares"]
[Date "2005.03.09"]
[Round "13"]
[White "Kasimdzhanov, Rustam"]
[Black "Leko, Peter"]
[Result "1/2-1/2"]
[WhiteElo "2678"]
[BlackElo "2749"]
[Annotator "Tyomkin,D"]
[PlyCount "48"]
[EventDate "2005.02.23"]
[EventType "tourn"]
[EventRounds "14"]
[EventCountry "ESP"]
[EventCategory "20"]
[SourceTitle "CBM 106"]
[Source "ChessBase"]
[SourceDate "2005.06.06"]
[SourceVersion "1"]
[SourceVersionDate "2005.06.06"]
[SourceQuality "1"]

1. e4 c5 2. Nf3 Nc6 3. Bb5 g6 4. O-O Bg7 5. Re1 e5 6. Bxc6 dxc6 7. a3 (7. d3 {
-is more popular here, but white plays a3 on next move in many cases, so it
transforms.}) 7... Bg4 {Rustam played the same variation with black vs Timman
in Corus 2002, and failed to equalize.} (7... a5 $6 8. d3 Bg4 9. h3 Bxf3 10.
Qxf3 Nf6 11. Bg5 h6 12. Bh4 Qd6 13. Nd2 Nd7 14. Nc4 $14 {1-0 Timman,J-Haag,M/
Willemstad 2003/EXT 2004 (50)}) (7... Qe7 8. b4 cxb4 9. axb4 Nf6 (9... Qxb4 10.
Ba3 Qb6 11. d4 exd4 12. e5 $16 {[%cal Gb1d2,Gd2e4]}) 10. Bb2 Bg4 (10... Nd7 11.
b5 O-O 12. bxc6 bxc6 13. Ba3 c5 14. d3 $14) 11. h3 Bxf3 12. Qxf3 O-O 13. Qb3
Rfc8 14. d3 Nd7 15. Nd2 $14 {1/2-1/2 Timman,J-Kasimdzhanov,R/Wijk aan Zee 2002/
CBM 087 (37)}) 8. d3 $146 (8. b4 Nf6 9. h3 Bxf3 10. Qxf3 Nd7 11. bxc5 Nxc5 12.
a4 Ne6 13. Ba3 Qd4 14. Nc3 Rd8 (14... Qxd2 $2 15. Rad1 Qf4 16. Qd3 Rd8 17. Nd5
$1 $18) 15. Red1 {1/2-1/2 Sokolov,A-Oll,L/Clichy 1991/TD}) 8... Nf6 9. Nbd2 $6
{The only chance to fight for some opening advantage is 9.h3 forcing black to
trade on f3.} (9. h3 $142 Bxf3 (9... Be6 10. Nxe5 $18) 10. Qxf3 $14) 9... Nd7
10. h3 Be6 $1 {pawn e5 is well-protected, so black can keep the pair of
bishops advantage.} 11. Nc4 O-O (11... b5 12. Ne3 O-O 13. a4 {and black
queenside pawns are vulnerable.}) 12. Bd2 Qe7 13. Bc3 f6 {building up the
fortress.} 14. Qe2 {Rustam offered a draw here- this was his last game in
Linares, so he just wanted to finish the tournament and to forget it asap.}
Rfd8 {Leko decided to play on, showing the fighting spirit (this was his 11th
draw out of 12 draws he did in Linares). However, Kasimdzhanov knows how to
hold such positions. The main idea of Rfd8 is to clear the f8 spot for Bg7 or
for Nd7 which may get to d4 one day.} 15. Na5 Rab8 16. Reb1 (16. b4 {just
leads to the same scenario.}) 16... Rdc8 17. b4 b6 18. Nb3 Bf7 {[%cal Gd7f8,
Gf8e6] hoping to get his Nd7 to e6 and then to d4 one day...} 19. bxc5 bxc5 {
If now only black could move his knight to e6...} 20. Qe3 {but Rustam smartly
prevents the above mentioned monouevre of black knight.} (20. Nfd2 Nf8 (20...
Nb6 21. a4 c4 $5) 21. Na5 Qc7 22. Nac4 Ne6 $11) 20... Bf8 $6 {For some unknown
reason Peter delays c5-c4 break....} (20... c4 $142 21. dxc4 Nb6 22. Na5 c5 {
and black is doing fine.}) 21. a4 $6 {21.Nfd2 or 21.Na5 both would prevent
c5-c4 break which occured in the game, and white has even some advantage in
both cases.} (21. Nfd2 $1 Nb6 22. Na5 $14 {[%cal Gb1b2,Ga1b1]}) 21... c4 {
Now black is just fine- his bishops get open diagonals.} 22. dxc4 Nb6 23. c5
Nd7 24. Bb2 $1 {Only way to keep the balance-white intends Ba3.} Bxb3 {Here
Peter offered a draw himself- black doesn't have any real chances to play this
position for a win, and has to fight for a draw.} (24... Bxb3 25. cxb3 Qxc5 26.
Qd3 {[%cal Gb2a3]} Qe7 27. Ba3 Qf7 28. Bxf8 Nxf8 29. b4 Ne6 $11) 1/2-1/2

[Event "ISR-ch op"]
[Site "Tel Aviv"]
[Date "1999.04.02"]
[Round "4"]
[White "Krayz, Alexander"]
[Black "Tyomkin, Dimitri"]
[Result "1/2-1/2"]
[WhiteElo "2382"]
[BlackElo "2504"]
[Annotator "Tyomkin,D"]
[PlyCount "30"]
[EventDate "1999.03.28"]
[EventType "swiss"]
[EventRounds "9"]
[EventCountry "ISR"]
[SourceTitle "CBM 071"]
[Source "ChessBase"]
[SourceDate "1999.08.01"]
[SourceVersion "1"]
[SourceVersionDate "1999.08.01"]
[SourceQuality "1"]

1. e4 c5 2. Nf3 Nc6 3. Bb5 g6 4. O-O Bg7 5. c3 Nf6 6. Re1 O-O 7. d4 cxd4 8.
cxd4 d5 9. e5 Ne4 10. h3 ({The next move of white is the trap,but black has a
way to get rid of it.} 10. Nh4 {[%csl Re4][%cal Gf2f3] /\f3,xNe4} f6 11. f3 Ng5
$1 $15 (11... g5 12. fxe4 gxh4 $13)) 10... f6 11. exf6 exf6 $1 $146 {[%mdl 8]
F6-pawn takes the control above e5-square, and in case of need black can move
it to f5.Sole problems of black in this position are: d5-pawn is temporarily
weak (but black can protect with Be6), and also backwardness in development.} (
11... Bxf6 12. Bh6 Rf7 13. Nc3 Bf5 14. Qb3 Nxd4 15. Nxd4 Bxd4 16. Nxe4 Bxe4 17.
Rxe4 dxe4 18. Bc4 $16 {Bakhmatov-Drozdov/Dniepropetrovsk 1987 (18)}) 12. Nc3
Re8 13. Bf4 g5 $1 {Black is enough strong already to make such moves like this
one.It forces white to move the bishop to less active position,and allows
black to develop his bishop to-f5,or even to push g4!} (13... Nxc3 $143 14.
Rxe8+ Qxe8 15. bxc3 {the difference in favour of white.}) 14. Bh2 Nxc3 ({
Diring the game I thought long about the following move:} 14... g4 $142 $5 15.
hxg4 Bxg4 16. Be2 {[%csl Gf5][%cal Gf3h4] /\Nh4,xf5} f5 $1 $15 {That is what I
have missed!} 17. Qb3 $140 Bxf3 18. gxf3 Nxd4 19. Qxd5+ Qxd5 20. Nxd5 Nd2 $1
$17 {[%csl Rf3][%cal Rd4c2] xf3,xc2}) 15. Rxe8+ Qxe8 $11 {During considering,
I could not understand, who stands better in the given position(probably
nobody!), so I have decided to offer a draw, and then to move to the analyse
room to receive understanding of this position.} (15... Qxe8 16. bxc3 Bf5 (
16... Qf7 $5 17. Nd2 {[%cal Gd2b3] /\Nb3}) (16... Bd7 17. Bd3 Qf7 $140 18. Qb1
$1 {[%csl Rb7,Rh7] xb7,h7}) 17. Nd2 (17. c4 a6 $1) 17... a6 $1 18. Qf3 $140 $6
axb5 19. Qxf5 Qf7 {[%cal Gb5b4] /\b4} 20. Bd6 Re8 $15) 1/2-1/2

[Event "Maastricht Complete Chess m"]
[Site "Maastricht"]
[Date "2004.02.11"]
[Round "2"]
[White "Stellwagen, Daniel"]
[Black "Baramidze, David"]
[Result "1-0"]
[WhiteElo "2489"]
[BlackElo "2456"]
[Annotator "Van Reek,J"]
[PlyCount "81"]
[EventDate "2004.02.10"]
[EventType "match"]
[EventRounds "4"]
[EventCountry "NED"]
[SourceTitle "CBM 100"]
[Source "ChessBase"]
[SourceDate "2004.06.01"]
[SourceVersion "1"]
[SourceVersionDate "2004.06.01"]
[SourceQuality "1"]

1. e4 c5 2. Nf3 Nc6 3. Bb5 g6 4. O-O Bg7 5. c3 Nf6 6. Re1 O-O 7. h3 $5 {
Daniel chooses a quiet variation of the Sicilian Defence.} e5 8. d4 cxd4 9.
cxd4 Nxd4 10. Nxd4 exd4 $5 (10... Qb6 $5 {drew in Shapshnikov - Bu Xiangzhi,
Petroff Memorial 2000.}) 11. Qxd4 a6 12. Ba4 d5 $1 {Baramidze diverts from
Kazhgalayev - Kozul, Luzern 1997.} 13. e5 Ne4 14. Nd2 Qa5 15. Nf3 Be6 16. Bb3
Rac8 17. Bf4 Nc5 $1 {Black equalises in the middle game.} 18. Bg5 Qb5 $5 ({
Wild complications result from} 18... Nxb3 19. axb3 Qb5 20. Bf6 $1 Qxb3 21.
Bxg7 Kxg7 22. Qf4 $1) 19. Re3 Nxb3 20. axb3 $5 {White weakens his pawn
structure in order to control square c4.} Bf5 21. Bf6 Bxf6 22. exf6 {Daniel
would like to move his queen to h6.} Rfe8 23. Ne5 {The manoeuvres in the
centre remind of Spassky.} Qc5 24. Qf4 d4 $1 {A counteraction in the centre
prevents an attack on the king.} 25. Ree1 Rcd8 26. g4 ({The alternative is} 26.
Nf3 d3 27. Re7 Rxe7 28. Qh6 Re1+ 29. Rxe1 Qf8 {does not lead to mate.}) 26...
Be6 27. Re4 Qf8 28. Rxd4 Rxd4 29. Qxd4 Bxb3 30. Re1 Be6 31. Rd1 Qh6 32. Qd8 $1
{"A real Stellwagen move".} Rxd8 33. Rxd8+ Qf8 34. Rxf8+ Kxf8 35. f4 {White
has transferred his plus to the endgame.} Ke8 36. Kf2 b6 $6 ({A fine
alternative seems to be} 36... Kd8 $5 37. Kg3 a5 38. Kh4 Ke8 $1) 37. Ke3 a5 38.
Kd4 Bb3 $2 ({Correct is} 38... Kd8 39. Nf3 Ba2 $1 40. Ke5 Kd7 41. Ng5 $5 h6 42.
Ne4 b5 $1 {Black seems to have sufficient counter-play.}) 39. Kc3 Bd5 40. Kd4
Be6 41. Nc4 $3 {The decisive move has been postponed for two moves.} (41. Nc4
Bxc4 42. Kxc4 Kd7 43. Kb5 Kc7 44. g5 Kb7 45. h4 Kc7 46. b3 $1 {Zugzwang.} Kb7
47. h5 $1 gxh5 48. f5 h4 49. g6 hxg6 50. fxg6 {The breakthrough wins for White.
}) 1-0

[Event "Fraenkische GM 1st"]
[Site "Pulvermuehle"]
[Date "2000.01.20"]
[Round "7"]
[White "Bezold, Michael"]
[Black "Wells, Peter K"]
[Result "1-0"]
[WhiteElo "2508"]
[BlackElo "2483"]
[Annotator "Wells,P"]
[PlyCount "62"]
[EventDate "2000.01.12"]
[EventType "tourn"]
[EventRounds "9"]
[EventCountry "GER"]
[EventCategory "10"]
[SourceTitle "CBM 075"]
[Source "ChessBase"]
[SourceDate "2000.04.05"]
[SourceVersion "1"]
[SourceVersionDate "2000.04.05"]
[SourceQuality "1"]

1. e4 c5 2. Nf3 Nc6 3. Bb5 g6 4. Bxc6 dxc6 5. d3 Bg7 6. h3 b6 $5 {I have
played this basically with a view to reaching the game position at move nine,
while perhaps avoiding a few possibilities which the immediate closing of the
diagonal with 6...e5 or 6...Nf6 might allow. Recently, however, as we shall
see, the text has been related to another idea, also involving the move ...h6
which has been tested at the very highest level. I have to admit to having
been ignorant of this at the time! It is worth here looking at another similar
implementation of the ...h6 idea} (6... Nf6 7. Be3 Nd7 8. Nc3 e5 9. Qd2 h6 $5 {
for a discussion of black's idea here, see the note to black's 9th move in the
main line.} (9... Qe7 10. Bh6 f6 (10... Bxh6 11. Qxh6 f6 12. Nd2 Nf8 13. f4 $14
) (10... O-O $5) 11. Bxg7 Qxg7 12. Qe3 Qe7 13. Nd2 Nf8 14. f4 Ne6 $6 (14...
exf4 15. Qxf4 Ne6 16. Qf2 $14 {[%csl Rc8] I think this is slightly better for
white. There is no obvious role for the c8 bishop, and black's dark squares
are potentially a bit suspect. Here, in contrast with the case where black is
able to keep the bishop pair, I think that the knights are really preferable.
This is what I have in mind by "dull drudgery" for black in my note to move 9
in the main game.}) 15. fxe5 fxe5 16. O-O-O Nf4 17. Rhg1 Bd7 18. Nf3 O-O-O 19.
Nb1 $1 {[%csl Re5][%cal Yb1d2,Yd2c4]} g5 20. Nbd2 h6 21. Nc4 Ng6 22. b4 $1 $16
{[%csl Ra7][%cal Ge3a7] 1-0 Psakhis,L-Roeder,F/Wien (open) 1991/Inf 54 (30)}) (
9... h6 10. O-O $1 {Both here and in the main line ( see notes to white's 10th
later ), I believe that black's retention of the bishop pair is an excellent
preparation for the positions with castling on opposite wings. The situation
os less clear where white castles short, and heads for a quick f4. Here the
weakness of the h pawn can be more of a trouble.} (10. O-O-O Qe7 11. h4 Nf8 12.
h5 g5 13. Nh2 Ne6 14. g3 Bd7 (14... b6 $5 $132) 15. Ne2 b6 16. f4 exf4 17. gxf4
gxf4 18. Nxf4 Ng5 (18... O-O-O $5) 19. Qg2 O-O-O 20. Nf3 c4 21. Nxg5 hxg5 22.
Ne2 cxd3 23. cxd3 g4 $13 {0-1 Kruszynski,W-Pigusov,E/Berliner Sommer 1994/EXT
94op (43)}) (10. g4 $6 Qe7 11. O-O-O Nf8 12. Ne2 Ne6 13. c3 b6 14. d4 exd4 15.
cxd4 cxd4 16. Nfxd4 Ba6 17. Nxe6 Qxe6 18. Nc3 h5 (18... Ke7 $5 {[%cal Ga8d8]})
19. f4 $1 hxg4 20. f5 $1 Qe7 21. Bg5 Qxg5 22. Qxg5 Bh6 23. Qxh6 Rxh6 24. hxg4
Rxh1 25. Rxh1 Ke7 $11 {1/2-1/2 Shaw,J-Golod,V/16th open, Cappelle La Grande
FRA 2000 (30)}) 10... Qe7 11. Nh2 $5 (11. a3 Nf8 12. Na4 Ne6 13. b4 Nd4 14. Nh2
b6 15. Rab1 (15. bxc5 b5 16. Nb2 Qxc5 17. c3 $140 $6 Qxc3) 15... Ba6 16. f4
exf4 17. Bxf4 Ne6 18. Be3 c4 $132 {0-1 Ulibin,M-Degerman,L/Rilton Cup,
Stockholm SWE 1997 (51)}) 11... Nf8 12. f4 exf4 13. Rxf4 Be6 ({Of course it
looks more natural to first optimise this piece, and then attend to the
problem of f7. The problem is specific and tactical in that} 13... Ne6 14. Rf2
Nd4 15. Raf1 Be6 16. Ng4 $1 {attacks h6 and re-emphasises the f7pawns
predicament.} f5 (16... h5 17. Bg5 $40) 17. Nxh6 Qh4 18. exf5 gxf5 19. Nxf5 $1
Bxf5 20. Rxf5 Nxf5 21. Rxf5 $14 {1-0 Vokarev,S-Khasin,A/MK Cafe Cup Open B,
Koszalin POL 1999 (28)}) 14. Raf1 Nd7 15. R4f2 h5 16. Ne2 O-O 17. Bh6 $14 {
1-0 Rublevsky,S-Vokarev,S/Azov 1996/CBM 56 ext (25)})) 7. Nc3 ({My first game
with 6...b6, saw my opponent try another idea, designed to exploit it which
was interesting, although probably not too critical.} 7. a4 a5 8. Nbd2 Ba6 9.
Qe2 Nf6 10. Nc4 O-O 11. O-O Qc7 12. e5 $5 (12. Bd2 Bxc4 $5 13. dxc4 Nd7 $11 {
[%cal Gg7b2,Gd7e5] Velicka.}) 12... Nd5 13. Bd2 Rad8 14. Rae1 Bc8 15. Ng5 h6
16. Ne4 Qb8 17. f4 f5 18. Nf2 Be6 (18... Nc7 $5 $13 {[%csl Ge6][%cal Gc7e6,
Ge6f4,Ge6d4]}) 19. Kh2 Qc7 20. g3 Rd7 21. b3 Nb4 22. Be3 Rfd8 23. Rg1 Kh7 24.
Bc1 $14 {1/2-1/2 Velicka,P-Wells,P/Berlin GM 1999 (31)}) 7... e5 (7... Nf6 8.
Be3 Nd7 9. Qd2 h6 {see 6...Nf6 above.}) (7... Nh6 {I am not too keen on this
approach. Black erects a cosy structure on the king-side but seems to me
vulnerable on the queen-side. Rublevsky's play is a model.} 8. Be3 f6 9. O-O (
9. d4 cxd4 10. Nxd4 Bd7 11. Qe2 e5 12. Nf3 Nf7 13. O-O Qe7 14. a4 O-O 15. a5 b5
16. Nd2 Nd8 17. Nb3 Ne6 {1-0 Svidler,P-Kramnik,V/Wijk 1999 (42) should be OK
for black.}) 9... e5 10. a3 $5 a5 11. Na4 {[%csl Rb6]} Rb8 12. b4 cxb4 13. axb4
b5 {[%csl Rc5]} (13... axb4 14. Qd2 {[%cal Gd2b4,Ge3h6]} Nf7 15. Qxb4 $16) 14.
Nc5 a4 15. d4 Nf7 16. Qe2 O-O 17. c4 $1 Nd6 18. Rfd1 Qe7 19. cxb5 cxb5 20. dxe5
fxe5 21. Bg5 Bf6 22. Bxf6 Qxf6 23. Rd3 Nf7 24. Rd5 $16 {[%csl Rb5,Yc5,Re5] 1-0
Rublevsky,S-Iskusnyh,S/St. Petersburg 1999/CBM 71 (71)}) 8. Be3 Qe7 (8... Ne7
$5 {At first glance it would appear as if the knight might be missed to defend
f6 in the event of a future opening of the f-file by white. Also unclear is
where the piece is headed. On the other hand black avoids the traffic jam that
often emerges when he plays ...Nf6, and the best square for this piece - d7 -
blocks in the c8 bishop.} 9. Qd2 h6 10. Nh2 Be6 11. O-O-O Qd7 12. Kb1 O-O-O {
This is of course a big bonus of the c8 bishop's easy development.} 13. Qe2 f5
14. exf5 gxf5 15. f4 Rhe8 16. Qd2 Qb7 $5 {[%cal Gb7a6]} 17. fxe5 Bxe5 {1/2-1/2
Adams,M-Kramnik,V/Las Vegas 1999/CBM 72 (17) This interesting idea will no
doubt be explored further.}) 9. Qd2 {[%cal Gg8f6,Ye3h6]} h6 $5 {This is a
highly ambitious attempt to avoid the slightly dull drudgery of defending the
main lines where black permits the exchange of dark-squared bishops ( see
Psakhis - Roeder in the notes to 6...Nf6 above ). If successful, black can
boast the achievement of consolidating his possession of the bishop pair, far
from insignificant here I believe, despite the relatively closed nature of the
position. This game has done nothing to damage my opinion of the move's
validity, although if time shows it not to be quite water-tight this will not
come as a shock either! The drawback is clear. Black will have trouble
castling since any such luxury must be prefaced by a solution to the h-pawn's
vulnerability. Simple as that!} (9... Nf6 10. Bh6 O-O 11. O-O-O $14) 10. O-O $1
{Best, and to a player of Michael's understanding, this realisation took but a
very short time. Many of the variations where the bishops are exchanged
involve white castling long, but although, superficially black's ...h6 move
might look like a weakening to be attacked directly, it is more of a drawback
in the lines where white castles short and black is unable to follow suit.} (
10. O-O-O $6 Nf6 11. Nh2 g5 $5 12. Nf1 Nh5 $1 {This is just one illustration
of the possible argument for the move ...b6 over the ...Nd7 which we saw in
analagous positions in the note to 6...Nf6. The best role for the piece is now
participating directly in the fierce tussle for king-side squares.} 13. g3 Be6
14. Qe2 Nf6 15. f4 gxf4 16. gxf4 exf4 17. Bxf4 Nd7 {Only now that the white
positioned is weakened.} 18. Qh2 Bxc3 19. bxc3 c4 20. Bd6 Qg5+ 21. Qf4 cxd3 22.
Qxg5 (22. cxd3 Qa5 $40) 22... hxg5 23. cxd3 Rxh3 $17 {Jansa,V - Sutovskij,E/})
10... Nf6 11. a3 $5 (11. Nh2 {Also deserves strong consideration here. Of
course, black has to try to justify ...b6 by finding an alternative for the d7
square for his knight ( compare the notes to 6...Nf6 above ). To this end I
believe that both} g5 $5 ({and} 11... Nh5 12. Ne2 g5 $5 {merit investigation.})
) 11... Nd7 12. Rfb1 Nf8 13. b4 Ne6 14. bxc5 f5 $5 {[%csl Re3][%cal Gf5f4] I
think the right move, although it should have been played quickly, given the
respect that it deserved as my 'first thought' in the position. Of course it
does immensely sharpen the play, given that...} ({...the alternative} 14...
Nxc5 15. d4 exd4 16. Bxd4 O-O {might be OK too.}) 15. exf5 $1 {I think that
this is another good decision. I am sure that many players would have given
substantial consideration to the wisdom of opening both the g-file and the
long-black diagonal. Michael's strength is his positional judgement, and the
speed with which he made this decision a testament to his faith in it.} gxf5 {
[%csl Re3,Re8][%cal Gh8g8,Ge5e4,Gf5f4] I was perhaps right to be fairly happy
here, but fell victim to a measure of over-optimism.  Black's potential
dynamic strengths are easy to show diagramatically. The potential 'looseness'
of his position in the centre less so, although with white's rooks committed
to the queen's-side it should not become too serious.} 16. Qe1 ({A sure sign
that I was not firing on all cylinders is the fact that I invested some time
in considering} 16. cxb6 f4 17. bxa7 fxe3 18. Qxe3 $15 {It is clear in the
cold light of day that the piece must outweight the pawns.}) 16... bxc5 ({
Of course, with the centre opened} 16... Nxc5 17. d4 $16 {[%csl Rc6,Rf5] would
be a recipe for a positional massacre.}) 17. Na4 e4 18. dxe4 f4 {I did my best
to fire back a few moves at a reasonable pace too. This must be right.} (18...
fxe4 19. Nd2 {[%csl Rc5,Re4][%cal Yd2c4,Yd2e4] helps white to bring all of his
pieces into the fray.}) 19. Bc1 $1 {Important. When black snatches the
exchange, white wants to have his queen entering the action ( via c3 ) as fast
as possible.} Bxa1 {Not so much ( or not just! ) materialism. Although it
enables white's queen to join the fray, it is not easy to see how to mobilise
her black counterpart otherwise.} (19... Rg8 20. e5 Ng5 21. Nxg5 Qxg5 22. Qe4 {
[%csl Rc6,Rf4] is no solution.}) 20. Rxa1 Rg8 21. Qc3 $8 Ba6 ({If} 21... Ng5
22. Nxg5 Qxg5 23. Qf3 {black has no means to dislodge the queen from her
crucial defensive role.}) 22. Qe5 Be2 $4 {[%mdl 16384] The ?? and the
unwelcome medal may seem a bit harsh, since black still has the chance on the
next move not to be fully lost. Still in addition to the fact that black
misses here the chance to be at least equal, there is the psychological
mistake of being still fixated on illusions of activity and king-side threats.
After all, black is (slight) material ahead, and the logical priority would
have been to attend to the various ugly weaknesses lying around. For this
reason} (22... Bb5 $1 {was strongly indicated. In the post-mortem we could
find nothing better for white than} 23. Nc3 Ng5 $1 24. Qxe7+ Kxe7 25. Nxg5 hxg5
{the point. Blacks' king-side structure returns to respectability!} 26. a4 Bc4
27. Ba3 Rgd8 $1 {[%cal Gd8d2]} 28. Bxc5+ Ke6 {and black is certainly not worse.
}) 23. Nh4 {[%csl Rd6,Re8,Yf5][%cal Yh4f5]} Nd4 $2 (23... Ng5 {is still a
better try and an indication that black has some idea what is going on!} {
However,} 24. Qxe7+ Kxe7 25. Nf5+ Ke8 26. Kh2 $1 {[%csl Rc5,Rf4] still clearly
favours white.}) 24. Bxf4 Qxe5 25. Bxe5 $16 O-O-O $2 26. Nxc5 {Here the rest
particularly requires no further comment!} Nxc2 27. Ra2 Rd1+ 28. Kh2 Rg5 29. f4
Ne3 30. fxg5 Nf1+ 31. Kg1 Bc4 1-0